[Event "FICGS theme 0001 email"]
[Site "FICGS email"]
[Date "2011.11.22"]
[Round "1"]
[White "Solino Nebot, Leonardo"]
[Black "Stacey, Alan"]
[Result "1-0"]
[WhiteElo "1861"]
[BlackElo "1876"]
[PlyCount "23"]
[EventDate "2011.??.??"]
[EventType "swiss (corr)"]
[EventRounds "1"]
[SourceTitle "Corr 2013"]
[Source "ChessBase"]
[SourceDate "2012.11.12"]
[SourceVersion "1"]
[SourceVersionDate "2012.11.12"]
[SourceQuality "1"]

1. d4 Nf6 2. c4 c5 3. d5 b5 4. cxb5 a6 5. e3 e6 6. Nc3 exd5 7. Nxd5 Bb7 8. Nxf6+ Qxf6 9. Nf3 Bd6 10. bxa6 Nxa6 11. Bd2 Nb4 12. Bc3 1-0

[Event "FICGS theme 0001 email"]
[Site "FICGS email"]
[Date "2011.11.22"]
[Round "1"]
[White "Stacey, Alan"]
[Black "Ilic, Petar"]
[Result "0-1"]
[WhiteElo "1876"]
[BlackElo "1800"]
[PlyCount "40"]
[EventDate "2011.??.??"]
[EventType "swiss (corr)"]
[EventRounds "1"]
[SourceTitle "Corr 2013"]
[Source "ChessBase"]
[SourceDate "2012.11.12"]
[SourceVersion "1"]
[SourceVersionDate "2012.11.12"]
[SourceQuality "1"]

1. d4 Nf6 2. c4 c5 3. d5 b5 4. cxb5 a6 5. b6 e6 6. Nc3 Bb7 7. e4 exd5 8. exd5 d6 9. a4 a5 10. Bb5+ Nbd7 11. Nh3 Be7 12. 0-0 0-0 13. Re1 Nxb6 14. Nf4 Nfd7 15. Ra3 Rb8 16. Ne4 Nf6 17. Ng3 g6 18. Rd3 Nfd7 19. Ne4 Ne5 20. Rde3 Rc8 0-1

[Event "FICGS theme 0001 email"]
[Site "FICGS email"]
[Date "2011.11.22"]
[Round "1"]
[White "Tanda, Giovanni"]
[Black "Stacey, Alan"]
[Result "1-0"]
[WhiteElo "2028"]
[BlackElo "1876"]
[PlyCount "49"]
[EventDate "2011.??.??"]
[EventType "swiss (corr)"]
[EventRounds "1"]
[SourceTitle "Corr 2013"]
[Source "ChessBase"]
[SourceDate "2012.11.12"]
[SourceVersion "1"]
[SourceVersionDate "2012.11.12"]
[SourceQuality "1"]

1. d4 Nf6 2. c4 c5 3. d5 b5 4. cxb5 a6 5. b6 d6 6. Nc3 Nbd7 7. a4 a5 8. e4 g6 9. f4 Bg7 10. Nf3 0-0 11. Bb5 Nxb6 12. 0-0 Ne8 13. Be3 Nc7 14. Qe2 Nxb5 15. axb5 a4 16. Ra3 e6 17. dxe6 Bxe6 18. Rfa1 Re8 19. Nd2 Rb8 20. Qf1 Qd7 21. Bf2 f5 22. exf5 gxf5 23. Re1 Bf7 24. Rxe8+ Qxe8 25. Qd3 1-0

[Event "FICGS no engines 00 email"]
[Site "FICGS email"]
[Date "2010.11.14"]
[Round "1"]
[White "Glosery, John"]
[Black "Stacey, Alan"]
[Result "0-1"]
[WhiteElo "1600"]
[BlackElo "1876"]
[PlyCount "62"]
[EventDate "2010.??.??"]
[EventType "swiss (corr)"]
[EventRounds "1"]
[SourceTitle "Corr 2013"]
[Source "ChessBase"]
[SourceDate "2012.11.12"]
[SourceVersion "1"]
[SourceVersionDate "2012.11.12"]
[SourceQuality "1"]

1. e4 c5 2. Nc3 d6 3. f4 Nf6 4. Bc4 e6 5. Nf3 d5 6. e5 dxc4 7. exf6 Nc6 8. 0-0 gxf6 9. d3 cxd3 10. Qxd3 Qxd3 11. cxd3 b6 12. Nb5 Kd7 13. b3 Ba6 14. a4 Rg8 15. g3 Bb7 16. Bb2 Be7 17. Nd2 Nb4 18. Rad1 a6 19. Nc3 Kc7 20. Nde4 Rad8 21. Rfe1 Nxd3 22. Re2 f5 23. Nf2 Nxf4 24. Red2 Rxd2 25. Rxd2 Bg5 26. Nb1 Ng6 27. Re2 Bf3 28. Re1 Bd5 29. Bc1 Nh4 30. Nd2 Bxd2 31. Bxd2 Nf3+ 0-1

[Event "FICGS unrated 00001 email"]
[Site "FICGS email"]
[Date "2010.10.24"]
[Round "1"]
[White "Riha, Josef"]
[Black "Stacey, Alan"]
[Result "1-0"]
[WhiteElo "2041"]
[BlackElo "1876"]
[PlyCount "95"]
[EventDate "2010.??.??"]
[EventType "swiss (corr)"]
[EventRounds "1"]
[SourceTitle "Corr 2013"]
[Source "ChessBase"]
[SourceDate "2012.11.12"]
[SourceVersion "1"]
[SourceVersionDate "2012.11.12"]
[SourceQuality "1"]

1. f4 d5 2. Nf3 Bg4 3. c4 e6 4. Ne5 Bf5 5. cxd5 exd5 6. e4 Bxe4 7. Qb3 Nd7 8. Nxd7 Qxd7 9. Qxb7 Rc8 10. Nc3 Bc5 11. d3 Bg6 12. Qxd5 Qxd5 13. Nxd5 c6 14. Ne3 Nf6 15. Be2 0-0 16. f5 Bh5 17. g4 Rfe8 18. gxh5 Bxe3 19. Bxe3 Rxe3 20. Kd2 Re5 21. h6 Rb8 22. b3 Rbe8 23. Rae1 Ra5 24. a4 Rxf5 25. Rhf1 Rfe5 26. hxg7 Kxg7 27. Bf3 c5 28. Bc6 Rxe1 29. Rxe1 Rxe1 30. Kxe1 Ng4 31. h3 Ne5 32. Be4 Kf6 33. Kd2 h5 34. Ke3 Ke6 35. d4 cxd4+ 36. Kxd4 f5 37. Bh1 Ng6 38. b4 Nf4 39. h4 Ng6 40. a5 Kd7 41. b5 Kc7 42. Bf3 Nxh4 43. Bxh5 Kd6 44. Be2 f4 45. Bg4 Ng6 46. Bf5 Ne5 47. a6 f3 48. Bh3 1-0